000 00672cam a22002293a 4500
001 7077
003 PGUSA
005 20140828083140.0
008 041201s2004||||xxu|||||s|||||000 1 eng d
040 _aPGUSA
_beng
042 _adc
050 4 _aPS
100 1 _aHughes, Rupert,
_d1872-1956
245 1 0 _aWe Can't Have Everything :
_bA Novel
_h[electronic resource] /
_cRupert Hughes
260 _bProject Gutenberg,
_c2004
506 _aPublic domain in the USA.
516 _aElectronic text
653 _aNew York (State) -- Social life and customs -- Fiction
830 0 _aProject Gutenberg
_v7077
856 4 0 _uhttp://www.gutenberg.org/ebooks/7077
942 _cEB
999 _c236397
_d236397